Ciudad, democracia y socialismo: la experiencia de las asociaciones de vecinos de Madrid

Guardado en:
Bibliografiske detaljer
Hovedforfatter: Castells, Manuel
Format: Texto
Udgivet: México, D.F.: Siglo XXI
Udgivelse:2
Tags: Tilføj Tag
Ingen Tags, Vær først til at tagge denne postø!

MARC

LEADER 00000 a a2200000 04500
001 22565
003
040
020 |a 968-23-0412-1  
090 |a 154500  
100 |a Castells, Manuel  
245 |a Ciudad, democracia y socialismo: la experiencia de las asociaciones de vecinos de Madrid  
250 |a 2  
260 |a México, D.F.:   |b Siglo XXI  
300 |a 249 p.   |b **no definido**  
999 |c 10438  |d 10438